书目信息 |
| 题名: |
國语
|
|
| 作者: | 左丘明 撰 ;鮑思陶 點校 | |
| 分册: | ||
| 出版信息: | 济南 齐鲁书社 2005.05 |
|
| 页数: | 324页 | |
| 开本: | 21cm | |
| 丛书名: | ||
| 单 册: | ||
| 中图分类: | K225.04 | |
| 科图分类: | ||
| 主题词: | 古代史--gu dai shi--中国--春秋时代--史籍 | |
| 电子资源: | ||
| ISBN: | 7-5333-1483-2 | |
| 000 | 00865nam0 2200241 450 | |
| 001 | 012007321219 | |
| 005 | 20071010110235.37 | |
| 010 | @a7-5333-1483-2@dCNY21.00 | |
| 100 | @a20070817d2005 km y0chiy0120 ea | |
| 101 | 0 | @achi |
| 102 | @aCN@b370000 | |
| 105 | @ay z 000yy | |
| 200 | 1 | @a國语@Aguo yu@f左丘明撰@Fzuo qiu ming zhuan@g鮑思陶點校@Gpao si tao zhan xiao |
| 210 | @a济南@c齐鲁书社@d2005.05 | |
| 215 | @a324页@d21cm | |
| 330 | @a《国语》为记言体史书。分周、鲁、齐、晋、郑、楚、吴、越诸国,记载五百年之间卿大夫之言论,以及当时政治、经济、军事、文化等方面史实,与《左传》相互参证,为研究春秋史必备的重要历史著作。 | |
| 518 | 1 | @a国语@Aguo yu |
| 606 | 0 | @a古代史@Agu dai shi@y中国@z春秋时代@x史籍 |
| 690 | @aK225.04@v4 | |
| 701 | 0 | @a左丘明@Azuo qiu ming@4撰 |
| 702 | 0 | @a鮑思陶@Apao si tao@4點校 |
| 801 | 0 | @aCN@c20071010 |
| 905 | @dK225.04@eZ991 | |
| 國语/左丘明撰/鮑思陶點校.-济南:齐鲁书社,2005.05 |
| 324页;21cm |
| ISBN 7-5333-1483-2:CNY21.00 |
| 《国语》为记言体史书。分周、鲁、齐、晋、郑、楚、吴、越诸国,记载五百年之间卿大夫之言论,以及当时政治、经济、军事、文化等方面史实,与《左传》相互参证,为研究春秋史必备的重要历史著作。 |
| ● |
| 相关链接 |
|
|
|
正题名:國语
索取号:K225.04/Z991
 
预约/预借
| 序号 | 登录号 | 条形码 | 馆藏地/架位号 | 状态 | 备注 |
| 1 | 253210 | 202532107 | 社科库309/ [索取号:K225.04/Z991] | 在馆 | |
| 2 | 253211 | 202532116 | 社科库309/309社科库 33排1列2层/ [索取号:K225.04/Z991] | 在馆 |